Recueil de divers alphabets etrangers.

محفوظ في:

التنسيق: كتاب

اللغة: French

منشور في: Paris : Impr. nationale, 1951.

الطبعة: 4e ed.

الموضوعات:

الوسوم: إضافة وسم

لا توجد وسوم, كن أول من يضع وسما على هذه التسجيلة!

رقم الطلب: P213 .P3 1951

LEADER 00517cam a2200193 a 4500
001 ocn795125632
003 OCoLC
005 20240222083003.0
008 120611s1951 fr 000 0 fre d
050 4 |a P213  |b .P3 1951 
245 0 0 |a Recueil de divers alphabets etrangers. 
250 |a 4e ed. 
264 1 |a Paris :  |b Impr. nationale,  |c 1951. 
300 |a 103 pages ;  |c 16 cm 
336 |a text  |b txt  |2 rdacontent 
337 |a unmediated  |b n  |2 rdamedia 
338 |a volume  |b nc  |2 rdacarrier 
650 0 |a Alphabets. 
999 |c 57081  |d 57081